| 000 | 01617nam0a2200409 4500 | ||
|---|---|---|---|
| 001 | RU\NLR\bibl\1763497 | ||
| 005 | 20260407221934.0 | ||
| 010 |
_a978-5-94691-440-6 _91000 |
||
| 021 |
_aRU _b2011-25454 _91812 |
||
| 035 | _a(nilc)RSL-KNO-004926409 | ||
| 035 | _a(NLR Aleph) 001754301 | ||
| 090 |
_a1538362 _c1538362 |
||
| 100 | _a20110411d2011 |||y0rusy50 ca | ||
| 101 | 0 | _arus | |
| 102 | _aRU | ||
| 105 | _aa ||||||||| | ||
| 200 | 1 |
_aЗаря Победы _eсборник стихов ветеранов литобъединения "Кунцево" _f[редкол.: Бахурин Алексей Егорович и др.] |
|
| 210 |
_aМосква _cГраница _d2011 |
||
| 215 |
_a99 с. _cил., портр. _d21 |
||
| 300 | _aНа тит. с.: 70-летию разгрома фашистов под Москвой и 50-летию полёта Ю. А. Гагарина в космос посвящается | ||
| 686 |
_aШ5(2=Р)75-65я43 _2rubbk |
||
| 686 |
_aШ5(2=Р)75-698 "Кунцево", литобъединение _2rubbk |
||
| 686 | _aШ6(2=Р)8-5 | ||
| 686 | _aШ6(2=Р)8-999 | ||
| 686 | _aШ6(2=Р)8-98 | ||
| 702 | 1 |
_aБахурин _bА. Е. _gАлексей Егорович _4340 |
|
| 712 | 0 | 2 |
_4570 _a"Кунцево", литературное объединение _cМосква _3RU\NLR\AUTH\8810149043 _9792621 |
| 801 | 0 |
_aRU _bRuMoRKP _c20110411 _grcr |
|
| 801 | 1 |
_aRU _bРГБ _c20110411 |
|
| 801 | 2 |
_aRU _bNLR _c20110428 _grcr |
|
| 830 | _aпо кн | ||
| 942 | _cBOOK | ||
| 980 | _aNB | ||
| 980 | _aNBR | ||